| 000 | 00717 a2200205 4500 | ||
|---|---|---|---|
| 003 | Nust | ||
| 005 | 20220803170125.0 | ||
| 010 | _a 80010220 | ||
| 020 | _a0471057444 : | ||
| 040 | _cNust | ||
| 082 | 0 | 0 | _a621.380283,MON |
| 100 | 1 |
_aMonzingo, Robert A., _996479 |
|
| 245 | 1 | 0 |
_aIntroduction to adaptive arrays _cRobert A. Monzingo, Thomas W. Miller. |
| 260 |
_aNew York : _bWiley, _cc1980. |
||
| 300 |
_axii, 543 p. : _bill. ; _c24 cm. |
||
| 505 | _aPart 1:- Adaptive Array (Page-3), Part 2:- Adaptive Algorithms (Page-155), Part 3:- Adaptive Array Compensation And Current Research Trends (Page-429). | ||
| 650 | 0 | _aTelecommunication Engineering. | |
| 700 | 1 |
_aMiller, Thomas W., _996480 |
|
| 942 |
_cREF _2ddc |
||
| 999 |
_c178767 _d178767 |
||